| 000 | 00434nam a2200169 a 4500 | ||
|---|---|---|---|
| 001 | 1766296075887 | ||
| 003 | YourLibrary | ||
| 005 | 20251221111917.0 | ||
| 008 | 251221s2010##################000#0#eng## | ||
| 020 | _a9789380108650 | ||
| 082 | 0 | 4 |
_a616.86 _bALB |
| 100 | 1 |
_aHerrick, Albrecht &, _eauthor. |
|
| 245 | 1 | 0 | _aSelf Health Guides: Depression : |
| 260 | _c2010. | ||
| 942 | _cENGLISH | ||
| 040 |
_aYourLibrary _beng _cYourLibrary |
||
| 999 |
_c603355 _d603355 |
||